000 00467nam a22001937a 4500
003 MPLRDC
005 20220104161313.0
008 210129b ||||| |||| 00| 0 eng d
020 _a983-43135-0-0
082 _a848.3 SX-14
100 _a深雪
245 _a女神门
_c
250 _a第一版
260 _a香港
_b青城文化事业有限公司
_c2006
300 _b
490 _a深雪作品;30
650 _a现代别集
942 _cBK
_o848.3 SX-14
999 _c55418
_d55408